000 00547nam a22001817a 4500
005 20251108175620.0
008 250721s2016 xx 000 0 ara d
082 1 4 _aط/ق/ناص
100 1 _aناصر، أمل
245 1 0 _aجدي حكاية حب /
264 1 _aلبنان :
_bدار البنان للنشر والتوزيع،
_c2016.
300 _a22ص.
650 1 7 _aادب الاطفال
650 1 7 _aالقصص العربية
653 _aاطفال مرحلة متوسطة(6-9) سنوات
942 _2ddc
_cBK
999 _c138311
_d138311